| 000 | 00526nam a22001697a 4500 | ||
|---|---|---|---|
| 999 |
_c160469 _d160469 |
||
| 005 | 20190130153642.0 | ||
| 010 | _aB-011616 | ||
| 020 |
_a8175960647 _c200.00 |
||
| 035 | _aB-011616 | ||
| 037 | _bCambridge University Press | ||
| 082 | _a954.084 | ||
| 100 | _aCopland, Ian | ||
| 245 |
_aThe princes of India in the endgame of empire, 1917-1947 / _cIan Copland |
||
| 260 |
_aNew Delhi _bCambridge University Press _c1999 |
||
| 300 |
_a302p.(it include index.) _c22cm(pbk) |
||
| 942 |
_2ddc _cEN _h954.084 _mCOP |
||